[Event "Trieste op 25th"]
[Site "Trieste"]
[Date "2023.09.08"]
[Round "9"]
[White "Pfreundt, Jakob"]
[Black "Ceres, Dragos"]
[Result "1/2-1/2"]
[WhiteElo "2448"]
[BlackElo "2453"]
[PlyCount "39"]
[EventDate "2023.09.02"]
[EventType "swiss"]
[EventRounds "9"]
[EventCountry "ITA"]
[SourceTitle "EXT 2024"]
[Source "ChessBase"]
[SourceDate "2023.10.10"]
[SourceVersion "1"]
[SourceVersionDate "2023.10.10"]
[SourceQuality "1"]

1. d4 d5 2. c4 e6 3. Nf3 c6 4. Bg5 Be7 5. Bxe7 Qxe7 6. e3 Nf6 7. Nc3 0-0 8. Qc2 Nbd7 9. cxd5 exd5 10. Bd3 Re8 11. 0-0 Nf8 12. Rae1 Ng6 13. Nd2 Bd7 14. a3 Qd6 15. f3 c5 16. dxc5 Qxc5 17. Nb3 Qb6 18. Bxg6 hxg6 19. Nd4 Re5 20. Qb3 1/2-1/2

[Event "Trieste op 25th"]
[Site "Trieste"]
[Date "2023.09.05"]
[Round "6"]
[White "Vasquez Schroder, Rodrigo Rafael"]
[Black "Pfreundt, Jakob"]
[Result "1/2-1/2"]
[WhiteElo "2478"]
[BlackElo "2448"]
[PlyCount "25"]
[EventDate "2023.09.02"]
[EventType "swiss"]
[EventRounds "9"]
[EventCountry "ITA"]
[SourceTitle "EXT 2024"]
[Source "ChessBase"]
[SourceDate "2023.10.10"]
[SourceVersion "1"]
[SourceVersionDate "2023.10.10"]
[SourceQuality "1"]

1. e4 e5 2. Nf3 Nc6 3. Bb5 a6 4. Ba4 Nf6 5. 0-0 Be7 6. Re1 b5 7. Bb3 Bb7 8. d4 Nxd4 9. Nxd4 exd4 10. e5 Ne4 11. Qf3 0-0 12. Rxe4 c5 13. c4 1/2-1/2

[Event "Satu Mare Szabo Memorial GM"]
[Site "Satu Mare"]
[Date "2023.08.18"]
[Round "7"]
[White "Pfreundt, Jakob"]
[Black "Stoleriu, George"]
[Result "1-0"]
[WhiteElo "2427"]
[BlackElo "2398"]
[PlyCount "155"]
[EventDate "2023.08.14"]
[EventType "tourn"]
[EventRounds "9"]
[EventCountry "ROU"]
[EventCategory "6"]
[SourceTitle "CBM 215 Extra"]
[Source "ChessBase"]
[SourceDate "2023.09.30"]
[SourceVersion "1"]
[SourceVersionDate "2023.09.30"]
[SourceQuality "1"]

1. d4 Nf6 2. c4 g6 3. g3 Bg7 4. Bg2 0-0 5. Nc3 d6 6. Nf3 c6 7. 0-0 Bf5 8. Re1 Ne4 9. Qb3 Nxc3 10. bxc3 Bc8 11. a4 Nd7 12. a5 Qc7 13. h4 Rb8 14. h5 b5 15. axb6 axb6 16. Qc2 b5 17. hxg6 hxg6 18. Qe4 Nf6 19. Qh4 Qd7 20. e4 bxc4 21. e5 Nh7 22. Bf4 Rb3 23. Re3 f6 24. Bh6 fxe5 25. dxe5 d5 26. e6 Qb7 27. Bxg7 Kxg7 28. Qd4+ Kg8 29. Ra7 Qb6 30. Rxe7 Qxd4 31. Nxd4 Rb1+ 32. Bf1 c5 33. Nc6 Ng5 34. Kg2 Rb7 35. f3 Rxe7 36. Nxe7+ Kg7 37. Nxd5 Bxe6 38. Nf4 Kf6 39. Nxe6 Nxe6 40. Bxc4 Ng7 41. Rd3 Ke7 42. Rd5 Rf5 43. Rd2 Re5 44. Ra2 Nf5 45. Ra7+ Kd8 46. Kf2 Ne3 47. Bb3 c4 48. Ba4 Nd5 49. Ra5 Rh5 50. g4 Rh2+ 51. Kg3 Rd2 52. Bb5 g5 53. Bxc4 Ne3 54. Ba6 Rg2+ 55. Kh3 Rf2 56. Rxg5 Rxf3+ 57. Kh2 Nxg4+ 58. Rxg4 Rxc3 59. Rg7 Rc7 60. Rg8+ Ke7 61. Kg3 Rc6 62. Bb7 Rc4 63. Kf3 Rd4 64. Be4 Rd8 65. Rg5 Rf8+ 66. Bf5 Kf6 67. Kf4 Re8 68. Rg6+ Kf7 69. Rd6 Re7 70. Kg5 Kg7 71. Be6 Ra7 72. Rd8 Re7 73. Kf5 Ra7 74. Rg8+ Kh7 75. Kf6 Rc7 76. Rg3 Kh8 77. Ra3 Ra7 78. Rd3 1-0

[Event "Satu Mare Szabo Memorial GM"]
[Site "Satu Mare"]
[Date "2023.08.15"]
[Round "3"]
[White "Pfreundt, Jakob"]
[Black "Manolache, Marius"]
[Result "1-0"]
[WhiteElo "2427"]
[BlackElo "2432"]
[PlyCount "80"]
[EventDate "2023.08.14"]
[EventType "tourn"]
[EventRounds "9"]
[EventCountry "ROU"]
[EventCategory "6"]
[SourceTitle "CBM 215 Extra"]
[Source "ChessBase"]
[SourceDate "2023.09.30"]
[SourceVersion "1"]
[SourceVersionDate "2023.09.30"]
[SourceQuality "1"]

1. d4 Nf6 2. Nf3 e6 3. Bf4 b6 4. e3 Bb7 5. Bd3 Be7 6. h3 0-0 7. 0-0 c5 8. c3 d5 9. Nbd2 Bd6 10. Ne5 Nc6 11. Nxc6 Bxc6 12. Bxd6 Qxd6 13. f4 Rfd8 14. Qf3 a6 15. g4 Bb5 16. Bxb5 axb5 17. g5 Nd7 18. a3 b4 19. axb4 cxb4 20. c4 Rac8 21. Rfc1 Nf8 22. Qe2 Ng6 23. Nf3 f6 24. h4 fxg5 25. hxg5 Qf8 26. Qd3 Qf7 27. Kf2 Rf8 28. b3 Rc7 29. Rh1 Rfc8 30. Ne5 dxc4 31. bxc4 Qf5 32. Qxf5 exf5 33. Rhc1 Ne7 34. Rcb1 b5 35. c5 Nd5 36. Ra5 Rb7 37. Rb3 Re8 38. Nc6 Nc3 39. Nxb4 Ne4+ 40. Ke2 h6 1-0

[Event "Vlissingen op 25th"]
[Site "Vlissingen"]
[Date "2023.08.08"]
[Round "5"]
[White "Dardha, Daniel"]
[Black "Pfreundt, Jakob"]
[Result "1-0"]
[WhiteElo "2598"]
[BlackElo "2427"]
[PlyCount "113"]
[EventDate "2023.08.05"]
[EventType "swiss"]
[EventRounds "9"]
[EventCountry "NED"]
[SourceTitle "CBM 215 Extra"]
[Source "ChessBase"]
[SourceDate "2023.09.30"]
[SourceVersion "1"]
[SourceVersionDate "2023.09.30"]
[SourceQuality "1"]

1. e4 c5 2. Nf3 e6 3. d4 cxd4 4. Nxd4 Nf6 5. Nc3 Nc6 6. Nxc6 bxc6 7. e5 Nd5 8. Ne4 Bb7 9. c4 Nb4 10. c5 Qb8 11. f4 Ba6 12. a3 Bxf1 13. Rxf1 Nd5 14. Rf3 Qb5 15. Qd4 f5 16. Nd6+ Bxd6 17. exd6 0-0 18. Bd2 Rf6 19. Kf2 Rg6 20. a4 Qb8 21. Raa3 Qd8 22. Kg1 Nf6 23. b4 a6 24. Be1 Nd5 25. h3 Rb8 26. Rab3 Qf6 27. Qe5 h6 28. Rb1 Kh7 29. Kh2 Qd8 30. Qe2 Ra8 31. Bf2 Nf6 32. Bd4 Ne4 33. Rbb3 Qh4 34. g3 Qd8 35. Rfe3 Nf6 36. Qf3 Rb8 37. Re2 Qe8 38. Be5 h5 39. Qd3 Ra8 40. Rg2 Rh6 41. Qf3 Ng4+ 42. Kg1 Nxe5 43. fxe5 g5 44. h4 Qd8 45. hxg5 Qxg5 46. Qf4 Rg6 47. b5 axb5 48. axb5 cxb5 49. Qxg5 Rxg5 50. Rxb5 Ra1+ 51. Kh2 Rc1 52. Rb7 Rg7 53. Rc7 Rc3 54. Rd2 Kh6 55. c6 Rcxg3 56. cxd7 R3g4 57. d8Q 1-0

[Event "Budapest SixDays 03 GM-A"]
[Site "Budapest"]
[Date "2023.03.26"]
[Round "4"]
[White "Pap, Misa"]
[Black "Pfreundt, Jakob"]
[Result "1/2-1/2"]
[WhiteElo "2403"]
[BlackElo "2407"]
[PlyCount "112"]
[EventDate "2023.03.24"]
[EventType "tourn"]
[EventRounds "9"]
[EventCountry "HUN"]
[EventCategory "6"]
[SourceTitle "CBM 213 Extra"]
[Source "ChessBase"]
[SourceDate "2023.05.31"]
[SourceVersion "1"]
[SourceVersionDate "2023.05.31"]
[SourceQuality "1"]

1. e4 c6 2. d4 d5 3. Nd2 dxe4 4. Nxe4 Nf6 5. Nxf6+ exf6 6. c3 Bd6 7. Bd3 0-0 8. Qc2 Re8+ 9. Ne2 h5 10. 0-0 h4 11. Bf4 Na6 12. h3 Nc7 13. Qd2 a5 14. Rfe1 Ne6 15. Bxd6 Qxd6 16. Qe3 Nc7 17. Qf4 Qxf4 18. Nxf4 Bd7 19. Be4 Nb5 20. Nd3 b6 21. Bf3 Rad8 22. Red1 Rc8 23. Rac1 Be6 24. b3 Red8 25. Nf4 Bf5 26. Ne2 Nd6 27. d5 c5 28. c4 Bd7 29. Nc3 f5 30. Re1 Re8 31. Be2 f4 32. Bg4 Rxe1+ 33. Rxe1 Re8 34. Rc1 f5 35. Bh5 Re5 36. Bg6 Kf8 37. Kf1 f3 38. gxf3 f4 39. Ne4 Bxh3+ 40. Kg1 Nxe4 41. Bxe4 Ke7 42. a3 Bd7 43. b4 axb4 44. axb4 cxb4 45. c5 bxc5 46. Rxc5 Kd6 47. Rc4 Rg5+ 48. Kh1 h3 49. Rxb4 Rg2 50. Rb6+ Kc5 51. Rb7 Kd6 52. Rb6+ Kc5 53. Rb7 Bb5 54. Rc7+ Kd6 55. Rb7 Kc5 56. Rc7+ Kd6 1/2-1/2

[Event "Bad Woerishofen op 38th"]
[Site "Bad Woerishofen"]
[Date "2023.03.10"]
[Round "8"]
[White "Deshpande, Aniruddha"]
[Black "Pfreundt, Jakob"]
[Result "0-1"]
[WhiteElo "2260"]
[BlackElo "2407"]
[PlyCount "84"]
[EventDate "2023.03.03"]
[EventType "swiss"]
[EventRounds "9"]
[EventCountry "GER"]
[SourceTitle "CBM 213 Extra"]
[Source "ChessBase"]
[SourceDate "2023.05.31"]
[SourceVersion "1"]
[SourceVersionDate "2023.05.31"]
[SourceQuality "1"]

1. d4 Nf6 2. c4 g6 3. g3 c6 4. Bg2 d5 5. Qb3 Bg7 6. Nf3 0-0 7. 0-0 a5 8. Na3 a4 9. Qb4 Ne4 10. Rd1 e6 11. Qe1 Nd7 12. Nd2 f5 13. Nxe4 fxe4 14. f3 e5 15. Be3 c5 16. fxe4 cxd4 17. Bd2 dxe4 18. Bxe4 Nc5 19. Bg2 Qb6 20. Bb4 Bf5 21. Bd5+ Kh8 22. Nb5 Rfd8 23. Bxc5 Qxc5 24. b4 Qb6 25. e4 Bg4 26. Na3 Bh6 27. c5 Qf6 28. Nc4 Rf8 29. Rd3 Rab8 30. a3 Bh3 31. Qe2 Bg5 32. b5 h5 33. Rdd1 Bg4 34. Qg2 Bxd1 35. Rxd1 Be3+ 36. Kh1 Qe7 37. Nxe3 dxe3 38. Qb2 Rf2 39. Qc3 e2 40. Re1 Qf6 41. Qe3 Kg7 42. Rxe2 Rf3 0-1

[Event "Titled Tuesday intern op 7th Mar Late"]
[Site "Chess.com INT"]
[Date "2023.03.07"]
[Round "6"]
[White "Pfreundt, Jakob"]
[Black "Hajiyev, Kanan"]
[Result "1-0"]
[WhiteElo "2407"]
[BlackElo "2183"]
[PlyCount "147"]
[EventDate "2023.03.07"]
[EventType "swiss (blitz)"]
[EventRounds "11"]
[EventCountry "USA"]
[SourceTitle "EXT 2024"]
[Source "ChessBase"]
[SourceDate "2023.10.10"]
[SourceVersion "1"]
[SourceVersionDate "2023.10.10"]
[SourceQuality "1"]

1. Nf3 Nf6 2. g3 g6 3. Bg2 Bg7 4. 0-0 0-0 5. d4 d5 6. c3 c5 7. dxc5 Na6 8. b4 Ne4 9. Nd4 e5 10. Nb5 f5 11. Nd2 Nc7 12. Nxe4 Nxb5 13. a4 dxe4 14. axb5 Be6 15. Qxd8 Rfxd8 16. Bg5 Rdc8 17. Rfd1 h6 18. Be3 g5 19. Bh3 Kf7 20. f3 f4 21. Bxe6+ Kxe6 22. Rd6+ Ke7 23. Bd2 e3 24. Be1 b6 25. Rad1 bxc5 26. Rd7+ Kf8 27. c4 Kg8 28. Rb7 cxb4 29. Rdd7 Bf8 30. Rdc7 b3 31. Bc3 Rxc7 32. Rxc7 Bd6 33. Rd7 Bb4 34. Bxe5 a5 35. b6 a4 36. b7 Re8 37. b8Q Rxb8 38. Bxb8 b2 39. Rd1 a3 40. Be5 Kf7 41. gxf4 Ke6 42. Bxb2 axb2 43. Rb1 Bc3 44. fxg5 hxg5 45. f4 gxf4 46. Kg2 Ke5 47. Kf3 Kd4 48. Kxf4 Kxc4 49. Kxe3 Kb3 50. Kd3 Bf6 51. e4 Be7 52. e5 Bh4 53. e6 Be7 54. h3 Bh4 55. Rf1 Be7 56. Rh1 Bh4 57. Rg1 Be7 58. Rd1 Bh4 59. Rf1 Be7 60. Re1 Bh4 61. Rb1 Be7 62. Kd2 Bh4 63. Kd1 Be7 64. Ke2 Bh4 65. Kf3 Be7 66. Kg4 Kc2 67. Rxb2+ Kxb2 68. h4 Kc3 69. h5 Kd4 70. Kf5 Kd5 71. h6 Bf8 72. h7 Bg7 73. e7 Kd6 74. e8Q 1-0

[Event "Titled Tuesday intern op 7th Mar Late"]
[Site "Chess.com INT"]
[Date "2023.03.07"]
[Round "5"]
[White "Shohat, Yotam"]
[Black "Pfreundt, Jakob"]
[Result "1-0"]
[WhiteElo "2302"]
[BlackElo "2407"]
[PlyCount "145"]
[EventDate "2023.03.07"]
[EventType "swiss (blitz)"]
[EventRounds "11"]
[EventCountry "USA"]
[SourceTitle "EXT 2024"]
[Source "ChessBase"]
[SourceDate "2023.10.10"]
[SourceVersion "1"]
[SourceVersionDate "2023.10.10"]
[SourceQuality "1"]

1. e4 e5 2. Nf3 Nf6 3. Nxe5 d6 4. Nf3 Nxe4 5. Qe2 Qe7 6. d3 Nf6 7. Nc3 Bg4 8. Be3 Nc6 9. h3 Be6 10. 0-0-0 0-0-0 11. g4 Nd5 12. Nxd5 Bxd5 13. c4 Bxf3 14. Qxf3 Ne5 15. Qe4 Nd7 16. Qd4 c5 17. Qf4 Qf6 18. Bg2 Qxf4 19. Bxf4 Be7 20. Rhe1 Ne5 21. Bxe5 dxe5 22. Rxe5 Bd6 23. Re4 Rhe8 24. Rde1 Rxe4 25. Rxe4 g5 26. Kd2 b6 27. Ke2 Kc7 28. h4 h6 29. h5 Rd7 30. Re3 Re7 31. Be4 Bf4 32. Rf3 Rd7 33. Rxf4 gxf4 34. Kf3 Kd6 35. Kxf4 Ke7 36. Ke5 Rd6 37. Bd5 Rd8 38. f4 Rg8 39. Kf5 Rg7 40. g5 Rg8 41. a3 Rd8 42. Ke5 Rd6 43. Kf5 Rd8 44. Kg4 Kf8 45. gxh6 Kg8 46. Kg5 Rd6 47. f5 Rd7 48. Kf6 Rd6+ 49. Ke7 Rxh6 50. Bxf7+ Kg7 51. Bg6 Rh8 52. f6+ Kh6 53. f7 Kg7 54. b4 cxb4 55. axb4 a5 56. bxa5 bxa5 57. c5 a4 58. d4 a3 59. Bb1 Rb8 60. Ba2 Rb7+ 61. Ke8 Rb8+ 62. Kd7 Rb7+ 63. Kd8 Rxf7 64. h6+ Kg6 65. c6 Rh7 66. c7 Rh8+ 67. Kd7 Rh7+ 68. Kc6 Rxh6 69. d5 Kg5+ 70. d6 Rh2 71. d7 Rxa2 72. d8Q+ Kf5 73. Qd7+ 1-0

[Event "Bad Woerishofen op 38th"]
[Site "Bad Woerishofen"]
[Date "2023.03.03"]
[Round "1"]
[White "Pfreundt, Jakob"]
[Black "Forster, Lukas"]
[Result "1-0"]
[WhiteElo "2407"]
[BlackElo "1963"]
[PlyCount "63"]
[EventDate "2023.03.03"]
[EventType "swiss"]
[EventRounds "9"]
[EventCountry "GER"]
[SourceTitle "CBM 213 Extra"]
[Source "ChessBase"]
[SourceDate "2023.05.31"]
[SourceVersion "1"]
[SourceVersionDate "2023.05.31"]
[SourceQuality "1"]

1. Nf3 c5 2. c4 Nc6 3. Nc3 g6 4. e3 Nf6 5. d4 cxd4 6. exd4 d5 7. cxd5 Nxd5 8. Bc4 Nxc3 9. Qb3 e6 10. bxc3 Bg7 11. Ba3 Ne7 12. Bb5+ Bd7 13. Ne5 Bxe5 14. dxe5 Bxb5 15. Qxb5+ Qd7 16. Qb4 Nd5 17. Qb3 Rc8 18. c4 Nf4 19. 0-0 Qc6 20. f3 b6 21. Qb4 Rc7 22. Qd2 g5 23. g3 Rd7 24. Bd6 Ng6 25. Qxg5 h6 26. Qf6 h5 27. h4 Rg8 28. Kh2 Qxc4 29. Rfc1 Qe2+ 30. Kh3 Ne7 31. Rc3 Rg6 32. Rc8+ 1-0

[Event "Lienz op 21st"]
[Site "Lienz"]
[Date "2023.02.18"]
[Round "9"]
[White "Ollenberger, Roland"]
[Black "Pfreundt, Jakob"]
[Result "1/2-1/2"]
[WhiteElo "2267"]
[BlackElo "2413"]
[PlyCount "82"]
[EventDate "2023.02.11"]
[EventType "swiss"]
[EventRounds "9"]
[EventCountry "AUT"]
[SourceTitle "CBM 212 Extra"]
[Source "ChessBase"]
[SourceDate "2023.03.31"]
[SourceVersion "1"]
[SourceVersionDate "2023.03.31"]
[SourceQuality "1"]

1. e4 e6 2. d4 d5 3. Bd3 dxe4 4. Bxe4 Nf6 5. Bf3 Nbd7 6. Ne2 Bd6 7. Nbc3 0-0 8. Nb5 Bb4+ 9. c3 Ba5 10. Bf4 c6 11. Nd6 Bc7 12. Nc4 Bxf4 13. Nxf4 Qc7 14. Nd3 b6 15. Qd2 Ba6 16. Nce5 Bxd3 17. Nxd3 Rad8 18. 0-0 e5 19. Qe2 exd4 20. cxd4 Rfe8 21. Qc2 Nb8 22. Nb4 Rxd4 23. Nxc6 Nxc6 24. Qxc6 Qxc6 25. Bxc6 Re2 26. Rad1 Rxd1 27. Rxd1 h5 28. Rb1 Ng4 29. Bf3 Rd2 30. Bxg4 hxg4 31. a4 f5 32. b3 f4 33. h3 gxh3 34. gxh3 Rd3 35. Kg2 Kh7 36. a5 bxa5 37. Ra1 Rd5 38. Kf3 g5 39. Kg4 Rb5 40. h4 gxh4 41. Kxh4 Kg6 1/2-1/2

[Event "Lienz op 21st"]
[Site "Lienz"]
[Date "2023.02.17"]
[Round "8"]
[White "Pfreundt, Jakob"]
[Black "Venkatesh, Marani Rajendran"]
[Result "0-1"]
[WhiteElo "2413"]
[BlackElo "2452"]
[PlyCount "144"]
[EventDate "2023.02.11"]
[EventType "swiss"]
[EventRounds "9"]
[EventCountry "AUT"]
[SourceTitle "CBM 212 Extra"]
[Source "ChessBase"]
[SourceDate "2023.03.31"]
[SourceVersion "1"]
[SourceVersionDate "2023.03.31"]
[SourceQuality "1"]

1. e4 e5 2. Nf3 Nc6 3. Bc4 Nf6 4. Ng5 d5 5. exd5 Na5 6. Bb5+ c6 7. dxc6 bxc6 8. Bd3 h6 9. Ne4 Nd5 10. 0-0 g6 11. Re1 Bg7 12. Bf1 0-0 13. d3 Nb7 14. Na3 f5 15. Nd2 Qc7 16. Nac4 Bd7 17. Nf3 Rae8 18. d4 e4 19. Nfe5 Kh7 20. Nxd7 Qxd7 21. Ne5 Qd6 22. g3 Bxe5 23. dxe5 Qxe5 24. c4 Nc7 25. Be3 c5 26. Qb3 Nd8 27. Rad1 Rf7 28. f4 Qe7 29. Rd2 Nce6 30. Qb5 Nd4 31. Bxd4 cxd4 32. Rxd4 Ne6 33. Rd2 Rd8 34. Qa5 Nd4 35. Bg2 Qf6 36. Rf2 Nc6 37. Qc5 Rb7 38. b3 Qc3 39. Re3 Qa1+ 40. Rf1 Qf6 41. g4 Rd2 42. Kh1 Rg7 43. Rg3 Nd4 44. Qa5 Rb2 45. Qd5 Ne2 46. Rh3 fxg4 47. Re3 Nxf4 48. Qxe4 Rf7 49. Qe5 Qxe5 50. Rxe5 Kg7 51. Bd5 Nxd5 52. Rxf7+ Kxf7 53. Rxd5 Rxa2 54. c5 a5 55. c6 Rc2 56. Rxa5 Rxc6 57. Ra1 Rb6 58. Rb1 Rb4 59. Kg2 h5 60. Kg3 g5 61. Kf2 Kg6 62. Rb2 h4 63. Ke3 Kh5 64. Kf2 h3 65. Kg3 Rf4 66. Rf2 Rd4 67. Rb2 Rd3+ 68. Kf2 g3+ 69. hxg3 Kg4 70. Kg1 Kxg3 71. Rb1 h2+ 72. Kh1 Kh3 0-1

[Event "Lienz op 21st"]
[Site "Lienz"]
[Date "2023.02.16"]
[Round "7"]
[White "Sandipan, Chanda"]
[Black "Pfreundt, Jakob"]
[Result "1/2-1/2"]
[WhiteElo "2453"]
[BlackElo "2413"]
[PlyCount "161"]
[EventDate "2023.02.11"]
[EventType "swiss"]
[EventRounds "9"]
[EventCountry "AUT"]
[SourceTitle "CBM 212 Extra"]
[Source "ChessBase"]
[SourceDate "2023.03.31"]
[SourceVersion "1"]
[SourceVersionDate "2023.03.31"]
[SourceQuality "1"]

1. d4 Nf6 2. c4 e6 3. Nc3 d5 4. cxd5 exd5 5. Bg5 Bb4 6. e3 h6 7. Bxf6 Qxf6 8. Qb3 Qd6 9. a3 Bxc3+ 10. Qxc3 Bf5 11. Ne2 Nd7 12. Qb4 Qb6 13. Ng3 Bg6 14. Rc1 c6 15. Be2 Qxb4+ 16. axb4 a6 17. f4 f6 18. f5 Bf7 19. Nh5 Kf8 20. Nf4 Nb6 21. g4 Re8 22. Kf2 Nc8 23. h4 Nd6 24. Bd3 Ke7 25. Rhg1 Kd7 26. Kf3 Re7 27. Rc2 Rhe8 28. Re2 Rh8 29. Ree1 Kc7 30. g5 hxg5 31. hxg5 fxg5 32. Rxg5 Ne8 33. Reg1 Kd6 34. R5g2 Rh4 35. Kf2 Rh6 36. Bc2 Kd7 37. Nd3 Kd6 38. Ne1 Rh3 39. Rg3 Rh2+ 40. R1g2 Rh1 41. Ke2 Rh4 42. Kd2 Rh5 43. Nf3 Rh6 44. Rf2 Bh5 45. Ne5 Nf6 46. Rh2 Bf7 47. Rxh6 gxh6 48. Ng4 Nxg4 49. Rxg4 Re8 50. Rg7 Ke7 51. Rh7 Rg8 52. Rxh6 Rg2+ 53. Kc3 Rg3 54. Kd2 Rg2+ 55. Kc1 Rg1+ 56. Bd1 Rf1 57. Rh8 Kd6 58. f6 Rxf6 59. Rf8 Ke7 60. Rb8 b5 61. Rb6 Kd6 62. Rxa6 Kc7 63. Ra7+ Kb6 64. Re7 Be6 65. Bh5 Bf5 66. Rf7 Rxf7 67. Bxf7 Bd7 68. Kd2 Kc7 69. Ke2 Kd6 70. Kf3 Ke7 71. Bh5 Bf5 72. Kf4 Bc2 73. Ke5 Be4 74. Bg4 Bg2 75. Bf5 Bf3 76. Kf4 Bd1 77. e4 dxe4 78. Bxe4 Kd6 79. d5 cxd5 80. Bd3 Kc6 81. Ke5 1/2-1/2

[Event "Lienz op 21st"]
[Site "Lienz"]
[Date "2023.02.13"]
[Round "4"]
[White "Lim, Zhuo Ren"]
[Black "Pfreundt, Jakob"]
[Result "1/2-1/2"]
[WhiteElo "2253"]
[BlackElo "2413"]
[PlyCount "90"]
[EventDate "2023.02.11"]
[EventType "swiss"]
[EventRounds "9"]
[EventCountry "AUT"]
[SourceTitle "CBM 212 Extra"]
[Source "ChessBase"]
[SourceDate "2023.03.31"]
[SourceVersion "1"]
[SourceVersionDate "2023.03.31"]
[SourceQuality "1"]

1. d4 Nf6 2. c4 e6 3. Nf3 b6 4. g3 Bb7 5. Bg2 Bb4+ 6. Bd2 c5 7. Bxb4 cxb4 8. 0-0 0-0 9. Qd3 d6 10. Nbd2 Qc7 11. a3 e5 12. e4 bxa3 13. Rxa3 Nc6 14. d5 Nb4 15. Qc3 a5 16. Ne1 Bc8 17. Nd3 Nxd3 18. Qxd3 Bd7 19. Qc3 Qc5 20. Nb3 Qc7 21. Nd2 Rfc8 22. b4 axb4 23. Qxb4 Rxa3 24. Qxa3 h5 25. Rb1 h4 26. Qb4 Rb8 27. Nf1 g6 28. Ne3 Kg7 29. Bf3 hxg3 30. hxg3 Bc8 31. Kg2 Nh7 32. Bg4 Nf6 33. Bxc8 Rxc8 34. Qxb6 Nxe4 35. Qxc7 Rxc7 36. Rb6 Rd7 37. f3 Nc5 38. g4 Kf6 39. Kg3 Ke7 40. g5 Ra7 41. Ng4 Nd7 42. Rc6 Ra3 43. Kg2 Ra2+ 44. Kg3 Ra3 45. Kg2 Ra2+ 1/2-1/2

[Event "Lienz op 21st"]
[Site "Lienz"]
[Date "2023.02.12"]
[Round "2"]
[White "Hatzl, Johannes"]
[Black "Pfreundt, Jakob"]
[Result "0-1"]
[WhiteElo "2047"]
[BlackElo "2413"]
[PlyCount "64"]
[EventDate "2023.02.11"]
[EventType "swiss"]
[EventRounds "9"]
[EventCountry "AUT"]
[SourceTitle "CBM 212 Extra"]
[Source "ChessBase"]
[SourceDate "2023.03.31"]
[SourceVersion "1"]
[SourceVersionDate "2023.03.31"]
[SourceQuality "1"]

1. d4 Nf6 2. Bf4 g6 3. Nc3 d5 4. e3 Bg7 5. h4 h5 6. Nf3 0-0 7. Qd2 c5 8. 0-0-0 Nc6 9. Ne5 cxd4 10. exd4 Bf5 11. f3 Nb4 12. Nd3 a5 13. a3 Qb6 14. axb4 axb4 15. Nb1 Rfc8 16. Nc5 e5 17. Bxe5 b3 18. Bd3 Bxd3 19. Qxd3 Bh6+ 20. Rd2 bxc2 21. Kxc2 Bxd2 22. Nxd2 Nd7 23. Re1 Nxe5 24. Rxe5 Qd6 25. b4 b6 26. Qb3 bxc5 27. Rxd5 cxb4+ 28. Kd1 Ra1+ 29. Ke2 Qa6+ 30. Kf2 Qa2 31. Qxa2 Rxa2 32. Ke3 Rc3+ 0-1

[Event "Lienz op 21st"]
[Site "Lienz"]
[Date "2023.02.11"]
[Round "1"]
[White "Pfreundt, Jakob"]
[Black "Karall, Lorenz"]
[Result "1-0"]
[WhiteElo "2413"]
[BlackElo "1806"]
[PlyCount "81"]
[EventDate "2023.02.11"]
[EventType "swiss"]
[EventRounds "9"]
[EventCountry "AUT"]
[SourceTitle "CBM 212 Extra"]
[Source "ChessBase"]
[SourceDate "2023.03.31"]
[SourceVersion "1"]
[SourceVersionDate "2023.03.31"]
[SourceQuality "1"]

1. d4 Nf6 2. Nc3 g6 3. e4 d6 4. Bf4 Bg7 5. Qd2 c6 6. Nf3 Qa5 7. h3 Nbd7 8. e5 dxe5 9. Nxe5 Nxe5 10. Bxe5 Bf5 11. Bc4 0-0 12. g4 Bd7 13. 0-0-0 b5 14. Bb3 b4 15. Na4 Ne4 16. Qe3 Nf6 17. Nc5 Bc8 18. Kb1 Qb5 19. Qf3 a5 20. Ba4 Qb6 21. Qxc6 Qa7 22. Rhe1 Ne8 23. Bg3 Nf6 24. Rd3 e6 25. Bd6 Rd8 26. Bc7 Rd7 27. Be5 Rd5 28. Rf3 Nd7 29. Bxg7 Nxc5 30. dxc5 Bd7 31. Qxd5 exd5 32. Re7 Bxa4 33. Rxa7 Rxa7 34. Be5 Re7 35. Re3 Re6 36. Bc7 Ra6 37. a3 Bd7 38. axb4 axb4 39. Re7 Bb5 40. Bd6 Rb6 41. cxb6 1-0

[Event "Titled Tuesday intern op 17th Jan Early"]
[Site "Chess.com INT"]
[Date "2023.01.17"]
[Round "1"]
[White "Pfreundt, Jakob"]
[Black "Sargissyan, Sargis"]
[Result "0-1"]
[WhiteElo "2407"]
[BlackElo "2221"]
[PlyCount "70"]
[EventDate "2023.01.17"]
[EventType "swiss (blitz)"]
[EventRounds "11"]
[EventCountry "USA"]
[SourceTitle "CBM 212 Extra"]
[Source "ChessBase"]
[SourceDate "2023.03.31"]
[SourceVersion "1"]
[SourceVersionDate "2023.03.31"]
[SourceQuality "1"]

1. Nf3 Nf6 2. g3 g5 3. Nxg5 d5 4. Nf3 Nc6 5. d4 Bg4 6. Bg2 h5 7. h3 Bf5 8. Bf4 Qd7 9. Ne5 Qe6 10. Nc3 a6 11. e3 Bh6 12. Bxh6 Rxh6 13. Nd3 Bxd3 14. Qxd3 0-0-0 15. 0-0-0 Rg6 16. Bf3 Nb4 17. Qe2 Qb6 18. Bxh5 Nxh5 19. Qxh5 Rc6 20. a3 Rxc3 21. axb4 Rc4 22. c3 Qxb4 23. Kc2 Qa4+ 24. Kd2 Rd6 25. Ra1 Qb3 26. Rhb1 Rf6 27. Ke2 Qc2+ 28. Ke1 Qxf2+ 29. Kd1 Qxe3 30. Qg4+ e6 31. Kc2 Rb4 32. Rf1 Rf2+ 33. Rxf2 Qxf2+ 34. Kd3 Rxb2 35. Qd1 Qxg3+ 0-1

[Event "Titled Tuesday intern op 17th Jan Early"]
[Site "Chess.com INT"]
[Date "2023.01.17"]
[Round "2"]
[White "Silva, Caio Henrique Angel"]
[Black "Pfreundt, Jakob"]
[Result "0-1"]
[WhiteElo "2081"]
[BlackElo "2407"]
[PlyCount "96"]
[EventDate "2023.01.17"]
[EventType "swiss (blitz)"]
[EventRounds "11"]
[EventCountry "USA"]
[SourceTitle "CBM 212 Extra"]
[Source "ChessBase"]
[SourceDate "2023.03.31"]
[SourceVersion "1"]
[SourceVersionDate "2023.03.31"]
[SourceQuality "1"]

1. Nf3 Nf6 2. b3 g6 3. Bb2 Bg7 4. g3 b5 5. Bg2 Bb7 6. 0-0 0-0 7. c4 bxc4 8. bxc4 c5 9. Nc3 d6 10. Rb1 Nbd7 11. d3 Rb8 12. Qc2 Qa5 13. Ba1 Bc6 14. Nd2 Bxg2 15. Kxg2 Rb6 16. Rxb6 axb6 17. Rb1 Ra8 18. a4 Qa6 19. Rb2 Ne8 20. Ra2 Qb7+ 21. f3 Ra6 22. Nb5 Bxa1 23. Rxa1 Nc7 24. Qb2 Nb8 25. Ne4 Ne8 26. Nec3 Nc6 27. Nd5 Qd7 28. h4 h5 29. e4 Qd8 30. f4 e6 31. Ne3 Qa8 32. Qb3 f5 33. Kh3 Nd4 34. Nxd4 cxd4 35. Nc2 fxe4 36. dxe4 Qxe4 37. Qb5 Nc7 38. Qd7 Qf5+ 39. Kh2 Qxc2+ 40. Kh3 Qf5+ 41. Kh2 Qf7 42. Qxd6 Ne8 43. Qxd4 Qf6 44. Qd1 Ra8 45. Rb1 Rd8 46. Rxb6 Rxd1 47. Rb8 Rd2+ 48. Kh3 Qf5+ 0-1